000 00329nam a2200145Ia 4500
008 230917s9999||||xx |||||||||||||| ||und||
040 _e53151
_aMAIN
041 _aEnglish
082 _aB L547W:L
100 _aGerda
245 0 _aLenin life and works
260 _aLondon
_bMacmillan
_c1980
300 _a224 p.
942 _cBK
999 _c216320
_d216320